- Vivas, Jorge Ricardo
Entry Nombre Personal
001 - NUMERO DE CONTROL
- campo de control: 44871
003 - IDENTIFICADOR DE NUMERO DE CONTROL
- campo de control: UPN
005 - FECHA Y HORA DE LA ÜLTIMA TRANSACCIÓN
- campo de control: 20220614110648.0
008 - DATOS DE LONGITUD FIJA
- campo de control de longitud fija: 220614|| acnnnaabn | a|a d
024 70 - OTROS IDENTIFICADORES NORMALIZADOS
- Fuente: orcid
- Número normalizado o código: 0000-0001-8648-2562
040 ## - FUENTE DE CATALOGACIÓN
- Agencia original de catalogación: MX-MxUPN
100 1# - ENCABEZAMIENTO - NOMBRE PERSONAL
- Nombre personal: Vivas, Jorge Ricardo
370 ## - LUGAR ASOCIADO
- Associated country: Argentina
371 ## - DIRECCIÓN
- Electronic mail address: jvivas@gmail.com
372 ## - CAMPO DE ACTIVIDAD
- Field of activity: Psicología
- Field of activity: Memoria semántica. Psicolingüística
- Field of activity: Docencia
- Field of activity: Investigación
373 ## - GRUPO ASOCIADO
- Associated group: Universidad Nacional de Mar del Plata. Instituto de Psicología Básica, Aplicada y Tecnología (IPSIBAT UNMDP-CONICET). Facultad de Psicología – UNMDP.
374 ## - OCUPACIÓN
- Occupation: Profesor universitario
- Occupation: Investigador
375 ## - GÉNERO
- Gender: masculino
377 ## - LENGUA ASOCIADA
- Language code: spa
400 1# - VEÁSE - NOMBRE DE PERSONA
- Personal name: Vivas, Jorge R.
670 ## - FUENTE EN LA QUE SE LOCALIZARON DATOS
- Cita de la fuente: En recurso en línea Avances en psicología latinoamericana, Vol. 38, no. 2 (2020):
- Información localizada: página 1 (Jorge Ricardo Vivas)
- Uniform Resource Identifier: https://revistas.urosario.edu.co/index.php/apl/article/view/7368/8397
670 ## - FUENTE EN LA QUE SE LOCALIZARON DATOS
- Cita de la fuente: En el sitio web IPSIBAT , consultado Junio 14, 2022:
- Información localizada: Licenciado en Psicología (UNMDP), Magíster en Psicología Social Organizacional (UNMDP), Doctor en Psicología.
- Uniform Resource Identifier: https://ipsibat.mdp.edu.ar/index.php/quienes-somos/investigadores-unmdp/1-jorge-ricardo-vivas
902 ## - CATALOGADOR
- Catalogador: RGJD/140622
